Brandenburgische Denare aus dem Umfeld des Herrschaftszentrums Usedom, Landkreis Vorpommern-Greifswald

Titel: Brandenburgische Denare aus dem Umfeld des Herrschaftszentrums Usedom, Landkreis Vorpommern-Greifswald / Heiko Schäfer
Verfasser:
In: Beiträge zur brandenburgisch-preussischen Numismatik, Heft 24 (2016), Seite 25-27
alle Artikel anzeigen
Veröffentlicht: 2016
Format: Aufsatz
Sprache: Deutsch
Schlagworte:
Kein Bild verfügbar
X
alg: 42757960
001A    $03025:16-03-18 
001B    $01999:16-03-18 $t22:54:05.000 
001C    $03025:16-03-18 $t10:48:59.000 
001D    $03025:16-03-18 
001U    $0utf8 
001X    $00 
002@    $0Aou 
002C    $aText $btxt $2rdacontent 
002D    $aohne Hilfsmittel zu benutzen $bn $2rdamedia 
002E    $aBand $bnc $2rdacarrier 
003@    $0427579600 
007A    $0427579600 $aHEB 
010@    $ager 
010E    $erda 
011@    $a2016 
021A    $aBrandenburgische Denare aus dem Umfeld des Herrschaftszentrums Usedom, Landkreis Vorpommern-Greifswald $hHeiko Schäfer 
028A    $BVerfasser $4aut $7136516882 $8Schäfer, Heiko$Z1962- [Tp3] $9205967914 
031A    $e24 $h25-27 $j2016 
039B    $aEnthalten in $8--Abvc--. Beiträge zur brandenburgisch-preussischen Numismatik. - Berlin : Numismatischer Arbeitskreis Brandenburg/Preußen, 1990-. - ISSN 2569-8478 $x201600000000024975 $9047032243 
044K    $ROstsee $#Uznam $74119322-2 $8Usedom [Tg1] $9085375934 
044K    $RProvinz Brandenburg $#Brandenburg $#Brandenburg $#Markgrafschaft Brandenburg $#Markgrafentum Brandenburg $#Kurfürstentum Brandenburg $#Kurfürstentum Brandemburg $#Mark Brandenburg $#Brandenburg Mark $#State of Brandenburg $#Land Brandenburg $#Land Brandenburgia $#Land du Brandebourg $#Federal'naja Zemlja Brandenburg $#Zemlja Brandenburg $#Bramborska $#Brandenburg Staat $#Brandenburg an der Havel $#Brandburg $#Brandeburgum $#Brandenburgum ad Havelam $#Civitas Marchia $#Brandenburg Land $#Brandenburg Kurfürstentum $#Kurbrandenburg $74007955-7 $8Brandenburg [Tg1] $9085013463 
044K    $RGeld $RMedaille $RNumismatik $#Coins $#Monnaies $#Monete $#Monedas $#Münzen $#Metallgeld $#Münzen $74040629-5 $8Münze [Ts1] $9085111147 
045T    $a8,1 

lok: 42757960 78

exp: 42757960 78 1 #EPN
201B/01 $016-03-18 $t10:48:36.000 
201C/01 $016-03-18 
201U/01 $0utf8 
203@/01 $01019922087 
208@/01 $a16-03-18 $be 
209A/01 $a/ $f000 $x00 
209A/01 $ab*p $x01 
220C/01 $apgar 
244Z/01 $#Pommern $#Pommern $#Herzogtum Pommern $#Herzogthum Pommern $#Provinz Pommern $#Pomorze $74046744-2 $8--Tg1--Pommern $x01 $9085130354 
247C/01 $82080>Marburg/Lahn, Herder-Institut, Forschungsbibliothek, Bibliographieportal $9336309341
LEADER 00000caa a2200000 c 4500
001 427579600
003 DE-603
005 20180316225405.0
007 tu
008 180316s2016 xx |||| | u00||u|ger c
035 |a (DE-599)HEB427579600 
040 |a DE-603  |b ger  |c DE-603  |d DE-603  |e rda 
041 |a ger 
084 |a 8,1  |2 ssgn 
100 1 |a Schäfer, Heiko  |d 1962-  |e Verfasser  |4 aut  |0 (DE-603)205967914  |0 (DE-588)136516882  |2 gnd 
245 0 0 |a Brandenburgische Denare aus dem Umfeld des Herrschaftszentrums Usedom, Landkreis Vorpommern-Greifswald  |c Heiko Schäfer 
264 0 |c 2016 
336 |a Text  |b txt  |2 rdacontent 
337 |a ohne Hilfsmittel zu benutzen  |b n  |2 rdamedia 
338 |a Band  |b nc  |2 rdacarrier 
650 7 |a Münze  |0 (DE-588)4040629-5  |0 (DE-603)085111147  |2 gnd 
651 7 |a Usedom  |0 (DE-588)4119322-2  |0 (DE-603)085375934  |2 gnd 
651 7 |a Brandenburg  |0 (DE-588)4007955-7  |0 (DE-603)085013463  |2 gnd 
773 0 8 |i Enthalten in  |t Beiträge zur brandenburgisch-preussischen Numismatik  |d Berlin : Numismatischer Arbeitskreis Brandenburg/Preußen, 1990-  |h 21 cm  |x 2569-8478  |g Heft 24 (2016), Seite 25-27  |w (DE-603)047032243  |w (DE-600)30302-1 
924 0 |9 2080  |a (DE-603)1019922087  |b DE-2080  |c HES  |d d  |g /